Normal view
MARC view
Entry Personal Name
001 - CONTROL NUMBER
- control field: 27963
003 - CONTROL NUMBER IDENTIFIER
- control field: dpl
005 - DATE AND TIME OF LATEST TRANSACTION
- control field: 20110510121425.0
008 - FIXED-LENGTH DATA ELEMENTS
- fixed length control field: 110510|||a|||||| | ||| d
040 ## - CATALOGING SOURCE
- Original cataloging agency: dpl
- Transcribing agency: dpl
100 ## - HEADING--PERSONAL NAME
- Personal name: Gupta,R.C.
670 ## - SOURCE DATA FOUND
- Source citation: Work cat.: (dpl): Chitale,A.K. 27875, Materials management :, 2011
670 ## - SOURCE DATA FOUND
- Source citation: Work cat.: (dpl): Chitale,A.K. 27875, Materials management :, 2011
